Arca salutis humanae, sive, Commentaria locupletissima, in Testamentum, et passionem Iesu Christi salvatoris nostri. Quod aliàs sermo dominicus, et caelestis thesaurus appellatur; registratum in D. Ioannis Evangelio, in quibus ad reconditiorem Sacrae Scripturae sensum eruendum, praecipuè verò ad moralis doctrinae intelligentiam acquirendam, pulcherrimi conceptus, & ingeniosissima documenta traduntur, nec cum minori devotione, quàm eruditione illustrantur. Opus omnibus studiosis praesertim theologis, tum verbi divini praedicatoribus, et animarum curam gerentibus, summoperè utile, ac necessarium / authore admodum R. P. Fr. Ioanne Maria Capalla, salutiensi, Ordinis Praedicatorum, sacrae theologiae professore. Gemino indice, altero locorum Sacrae Scripturae explicatorum; altero rerum memoria, et notatu dignarum lectori passim occurrentium, adornatum. Consensu superiorum et cum privilegiis

Detalles Bibliográficos
Autor principal: Capalla, Giovanni Maria, O. P., m. 1596
Otros Autores: Barezzi, Barezzo, ed
Formato: Libro
Lenguaje:Latin
Publicado: Venetiis : apud Baretium Baretium bibliopolam, ad signum Beatae Mariae Virginis, 1606.
Materias:
Colección:Banco de datos
Acervo:Universidad Autónoma Benito Juárez de Oaxaca. Biblioteca Francisco de Burgoa. Colección antigua
Descripción Física:[44], 222, [83] h. ; f°
Tema general:Biblia
Notas:Portada a dos tintas con empresa tipográfica del impresor y pleca en grabado xilográfico. Texto a dos columnas con foliación en números arábigos, apostillas marginales, reclamos y signaturas. Incluye capitular con motivos florales en grabado xilográfico. Colofón: Venetiis. MDCV. Apud Baretium Barteium bibliopolam. Ad signum Beatae Mariae Virginis. Encuadernación en pergamino. Marca de fuego: Casa del Noviciado de la Compañía de Jesús de Oaxaca, Oax. Marca de fuego: Convento de Santo Domingo de Oaxaca, Oax.
LEADER 02334nam a22002050004500
035 |a 465 
041 0 |a lat 
100 1 |a Capalla, Giovanni Maria, O. P., m. 1596 
245 1 0 |a Arca salutis humanae, sive, Commentaria locupletissima, in Testamentum, et passionem Iesu Christi salvatoris nostri. Quod aliàs sermo dominicus, et caelestis thesaurus appellatur; registratum in D. Ioannis Evangelio, in quibus ad reconditiorem Sacrae Scripturae sensum eruendum, praecipuè verò ad moralis doctrinae intelligentiam acquirendam, pulcherrimi conceptus, & ingeniosissima documenta traduntur, nec cum minori devotione, quàm eruditione illustrantur. Opus omnibus studiosis praesertim theologis, tum verbi divini praedicatoribus, et animarum curam gerentibus, summoperè utile, ac necessarium / authore admodum R. P. Fr. Ioanne Maria Capalla, salutiensi, Ordinis Praedicatorum, sacrae theologiae professore. Gemino indice, altero locorum Sacrae Scripturae explicatorum; altero rerum memoria, et notatu dignarum lectori passim occurrentium, adornatum. Consensu superiorum et cum privilegiis 
260 |a Venetiis : apud Baretium Baretium bibliopolam, ad signum Beatae Mariae Virginis, 1606. 
300 |a [44], 222, [83] h. ; f°  
500 |a Portada a dos tintas con empresa tipográfica del impresor y pleca en grabado xilográfico. Texto a dos columnas con foliación en números arábigos, apostillas marginales, reclamos y signaturas. Incluye capitular con motivos florales en grabado xilográfico. Colofón: Venetiis. MDCV. Apud Baretium Barteium bibliopolam. Ad signum Beatae Mariae Virginis. Encuadernación en pergamino. Marca de fuego: Casa del Noviciado de la Compañía de Jesús de Oaxaca, Oax. Marca de fuego: Convento de Santo Domingo de Oaxaca, Oax.  
504 |a Al principio de la obra están el índice de las autoridades de la Sagrada Escritura y el índice de los lugares de las cosas comunes 
650 1 0 |a Biblia 
700 1 |a Barezzi, Barezzo, ed. 
740 0 |a Commentaria locupletissima, in Testamentum, et passionem Iesu Christi salvatoris nostri 
852 |a Universidad Autónoma "Benito Juárez" de Oaxaca, Biblioteca Francisco de Burgoa, Colección antigua 1554 
942 |c BURANT 
943 |g Universidad Autónoma Benito Juárez de Oaxaca. Biblioteca Francisco de Burgoa. Colección antigua 
999 |c 1111476  |d 1111476